Statistics for NCAA Division II Quiz

Click here to take the quiz!

General Stats

  • This quiz has been taken 32 times
  • The average score is 93 of 309

Answer Stats

ConferenceSchool% Correct
CaliforniaCal State LA
87%
Pennsylvania StateCal U
61%
Great MidwestDavis & Elkins
61%
Northern SunU-Mary
61%
Rocky MountainAdams State
57%
Rocky MountainColorado Mesa
57%
SouthernKentucky State
57%
Northern SunMinnesota State
57%
Great MidwestCedarville
52%
SouthernCentral State
52%
Mountain EastCharleston
52%
Rocky MountainCSU–Pueblo
52%
Pennsylvania StateIndiana
52%
CentralVirginia State
52%
Great NorthwestWestern Washington
52%
CaliforniaCal State East Bay
48%
Mid-AmericaCentral Missouri
48%
Great NorthwestCentral Washington
48%
Sunshine StateFlorida Tech
48%
Northern SunMinnesota Duluth
48%
Mid-AmericaPittsburg State
48%
Pennsylvania StateShippensburg
48%
South AtlanticTusculum
48%
Gulf SouthWest Florida
48%
Mountain EastWest Virginia State
48%
Peach BeltAugusta
43%
Northern SunBemidji State
43%
CaliforniaCal Poly Pomona
43%
Mountain EastConcord
43%
Pacific WestDixie State
43%
Sunshine StateFlorida Southern
43%
Great LakesGrand Valley State
43%
CaliforniaHumboldt State
43%
Great Lakes ValleyLewis
43%
East CoastLIU Post
43%
Great LakesNorthern Michigan
43%
Sunshine StateNova Southeastern
43%
Northeast-10Southern Connecticut State
43%
Northeast-10Southern New Hampshire
43%
Northern SunSt. Cloud State
43%
Great LakesTiffin
43%
Great Lakes ValleyTruman State
43%
CaliforniaUC San Diego
43%
Gulf SouthValdosta State
43%
Gulf SouthWest Alabama
43%
Gulf SouthWest Georgia
43%
Great MidwestAlderson Broaddus
39%
Pennsylvania StateBloomsburg
39%
CaliforniaCal State Dominguez Hills
39%
Mid-AmericaCentral Oklahoma
39%
Rocky MountainColorado Christian
39%
Rocky MountainColorado School of Mines
39%
Pacific WestConcordia Irvine
39%
Central AtlanticConcordia New York
39%
Great NorthwestConcordia Portland
39%
Northern SunConcordia St. Paul
39%
CaliforniaCSU Chico
39%
Pennsylvania StateEast Stroudsburg
39%
Great LakesFerris State
39%
Great MidwestFindlay
39%
Mid-AmericaFort Hays State
39%
Pennsylvania StateKutztown
39%
Great MidwestLake Erie
39%
Gulf SouthLee
39%
CentralLincoln (Pennsylvania)
39%
Great MidwestMalone
39%
Gulf SouthMississippi
39%
Mid-AmericaNorthwest Missouri State
39%
Pacific WestNotre Dame de Namur
39%
Mountain EastNotre Dame (Ohio)
39%
Great LakesSaginaw Valley State
39%
Rocky MountainSDSM&T
39%
SouthernTuskegee
39%
CentralVirginia Union
39%
Great NorthwestWestern Oregon
39%
Lone StarWest Texas A&M
39%
Mountain EastWest Virginia Wesleyan
39%
Pacific WestAcademy of Art
35%
Great LakesAshland
35%
Pacific WestAzusa Pacific
35%
CaliforniaCal State San Bernardino
35%
Rocky MountainColorado Colorado Springs
35%
Lone StarEastern New Mexico
35%
Pennsylvania StateEdinboro
35%
Mid-AmericaEmporia State
35%
CentralFayetteville State
35%
Pacific WestFresno Pacific
35%
Great MidwestHillsdale
35%
CentralJohnson C. Smith
35%
Great MidwestKentucky Wesleyan
35%
South AtlanticLenoir–Rhyne
35%
Mid-AmericaLincoln (Missouri)
35%
Mid-AmericaLindenwood
35%
Sunshine StateLynn
35%
Great LakesMichigan Tech
35%
Pennsylvania StateMillersville
35%
Northern SunMinot State
35%
Mid-AmericaMissouri Southern State
35%
Mid-AmericaMissouri Western State
35%
SouthernMorehouse
35%
Rocky MountainMSU Denver
35%
Mid-AmericaNebraska Kearney
35%
Gulf SouthNorth Alabama
35%
Mid-AmericaNortheastern State
35%
Northern SunNorthern State
35%
Great AmericanNorthwestern Oklahoma State
35%
Great MidwestOhio Dominican
35%
Great NorthwestSimon Fraser
35%
CaliforniaSonoma State
35%
Great AmericanSoutheastern Oklahoma State
35%
Great AmericanSouthern Arkansas
35%
Mid-AmericaSouthwest Baptist
35%
Great AmericanSouthwestern Oklahoma State
35%
Sunshine StateTampa
35%
Lone StarTexas Permian Basin
35%
Great MidwestWalsh
35%
Mid-AmericaWashburn
35%
Great LakesWayne State University
35%
Pennsylvania StateWest Chester
35%
Lone StarWestern New Mexico
35%
Northern SunWinona State
35%
CentralWinston-Salem State
35%
Great NorthwestAlaska Fairbanks
30%
Northeast-10American International
30%
HeartlandArkansas–Fort Smith
30%
Great Lakes ValleyBellarmine
30%
Rocky MountainBlack Hills State
30%
IndependentBluefield State
30%
CaliforniaCal State San Marcos
30%
South AtlanticCatawba
30%
Rocky MountainChadron State
30%
HeartlandDallas Baptist
30%
Gulf SouthDelta State
30%
Pacific WestDominican (California)
30%
Central AtlanticDominican (New York)
30%
CentralElizabeth City State
30%
Mountain EastFairmont State
30%
Peach BeltFlagler
30%
Northeast-10Franklin Pierce
30%
Great AmericanHarding
30%
Great AmericanHenderson State
30%
Great Lakes ValleyIndianapolis
30%
Conference CarolinasKing
30%
Great LakesLake Superior State
30%
SouthernMiles
30%
Great Lakes ValleyMissouri S&T
30%
Northeast-10New Haven
30%
HeartlandNewman
30%
Rocky MountainNew Mexico Highlands
30%
Peach BeltNorth Georgia
30%
Conference CarolinasNorth Greenville
30%
Great LakesNorthwood
30%
HeartlandOklahoma Christian
30%
CaliforniaSan Francisco State
30%
Great NorthwestSeattle Pacific
30%
Pennsylvania StateSeton Hill
30%
CentralShaw
30%
Pennsylvania StateSlippery Rock
30%
Great Lakes ValleySouthern Indiana
30%
Great AmericanSouthern Nazarene
30%
Conference CarolinasSouthern Wesleyan
30%
CentralSt. Augustine's
30%
Pacific WestUH Hilo
30%
Peach BeltUNC Pembroke
30%
Peach BeltUSC Aiken
30%
Mountain EastUVA-Wise
30%
Northern SunWayne State College
30%
Mountain EastWheeling Jesuit
30%
Northeast-10Adelphi
26%
Great NorthwestAlaska Anchorage
26%
Lone StarAngelo State
26%
Great AmericanArkansas Monticello
26%
Northeast-10Assumption
26%
Northern SunAugustana
26%
SouthernBenedict
26%
Northeast-10Bentley
26%
East CoastBridgeport
26%
Pacific WestChaminade Honolulu
26%
CentralChowan
26%
South AtlanticCoker
26%
Conference CarolinasConverse
26%
Great AmericanEast Central
26%
Sunshine StateEmbry–Riddle Aeronautical
26%
Northeast-10Le Moyne
26%
Conference CarolinasLimestone
26%
Pennsylvania StateMansfield
26%
South AtlanticMars Hill
26%
Great Lakes ValleyMcKendree
26%
Pennsylvania StateMercyhurst
26%
East CoastMercy (New York)
26%
Northern SunMinnesota Crookston
26%
Northern SunMinnesota State Moorhead
26%
Great Lakes ValleyMissouri–St. Louis
26%
Great AmericanOklahoma Baptist
26%
Great AmericanOuachita Baptist
26%
Northeast-10Pace
26%
Pennsylvania StatePitt-Johnstown
26%
Rocky MountainRegis
26%
Mountain EastShepherd
26%
Gulf SouthShorter
26%
Northern SunSioux Falls
26%
Northern SunSouthwest Minnesota State
26%
Sunshine StateSt. Leo
26%
Northeast-10St. Michael's
26%
Northeast-10Stonehill
26%
Lone StarTexas A&M–Kingsville
26%
Gulf SouthUAHuntsville
26%
Northern SunUpper Iowa
26%
Mountain EastUrbana
26%
South AtlanticWingate
26%
Great Lakes ValleyWisconsin–Parkside
26%
SouthernAlbany State
22%
South AtlanticAnderson (South Carolina)
22%
Great AmericanArkansas Tech
22%
Conference CarolinasBarton
22%
Conference CarolinasBelmont Abbey
22%
Lone StarCameron
22%
South AtlanticCarson–Newman
22%
Gulf SouthChristian Brothers
22%
SouthernClaflin
22%
Pennsylvania StateClarion
22%
SouthernClark Atlanta
22%
Peach BeltColumbus State
22%
CaliforniaCSUMB
22%
East CoastDistrict of Columbia
22%
Great Lakes ValleyDrury
22%
Conference CarolinasErskine
22%
Peach BeltFrancis Marion
22%
Peach BeltGeorgia Southwestern State
22%
Mountain EastGlenville State
22%
Pacific WestHawaiʻi Pacific
22%
Conference CarolinasLees–McRae
22%
CentralLivingstone
22%
Pennsylvania StateLock Haven
22%
HeartlandLubbock Christian
22%
Great Lakes ValleyMaryville
22%
Lone StarMidwestern State
22%
Great NorthwestMSU Billings
22%
Great MidwestOhio Valley
22%
Sunshine StatePalm Beach Atlantic
22%
Central AtlanticPost
22%
East Coast | South AtlanticQueens
22%
Great Lakes ValleyQuincy
22%
East CoastRoberts Wesleyan
22%
Great Lakes ValleyRockhurst
22%
HeartlandRogers State
22%
Sunshine StateRollins
22%
CaliforniaStanislaus State
22%
Lone StarTexas A&M–Commerce
22%
Great MidwestTrevecca Nazarene
22%
Gulf SouthUnion
22%
Mountain EastWest Liberty
22%
Great Lakes ValleyWilliam Jewell
22%
Sunshine StateBarry
17%
CentralBowie State
17%
Pacific WestCalifornia Baptist
17%
Sunshine StateEckerd
17%
Conference CarolinasEmmanuel
17%
Rocky MountainFort Lewis
17%
SouthernFort Valley State
17%
Pennsylvania StateGannon
17%
Peach BeltGeorgia College
17%
Pacific WestHoly Names
17%
Great Lakes ValleyIllinois Springfield
17%
SouthernLane
17%
Conference CarolinasMount Olive
17%
South AtlanticNewberry
17%
Great NorthwestNorthwest Nazarene
17%
Central AtlanticNyack
17%
East CoastNYIT
17%
Pacific WestPoint Loma Nazarene
17%
SouthernSpring Hill
17%
Northeast-10St. Anselm
17%
Great Lakes ValleySt. Joseph's
17%
HeartlandSt. Mary's
17%
Northeast-10St. Rose
17%
Central AtlanticCaldwell
13%
Pennsylvania StateCheyney
13%
Peach BeltClayton State
13%
East CoastDaemen
13%
Central AtlanticFelician
13%
Central AtlanticGeorgian Court
13%
SouthernLeMoyne–Owen
13%
South AtlanticLincoln Memorial
13%
Northeast-10Merrimack
13%
East CoastMolloy
13%
Gulf SouthMontevallo
13%
IndependentOakland City
13%
SouthernPaine
13%
Central AtlanticPhiladelphia
13%
IndependentSalem International
13%
HeartlandSt. Edward's
13%
Great NorthwestSt. Martin's
13%
East CoastSt. Thomas Aquinas
13%
Lone StarTarleton State
13%
HeartlandTexas A&M International
13%
Great MidwestUrsuline
13%
Peach BeltYoung Harris
13%
Central AtlanticBloomfield
9%
Central AtlanticChestnut Hill
9%
Central AtlanticGoldey–Beacom
9%
Central AtlanticHoly Family
9%
Peach BeltLander
9%
Lone StarTexas Woman's
9%
Rocky MountainWestern State Colorado
9%
Central AtlanticWilmington
9%
Peach BeltArmstrong State
4%
Central AtlanticUSciences
4%

Score Distribution

Percentile by Number Answered

Percent of People with Each Score

Your Score History

You have not taken this quiz